Top 100 Biggest Cities in Countries that Start with B - Statistics

General Stats
  • This quiz has been taken 391 times
  • The average score is 34 of 100
Answers on the Map
Answers color-coded by a green-red scale on the quiz's map according to % correct below.
 
Answer Stats
Country City Population % Correct
Belgium Brussels 1,924,937
97%
Brazil Brasília 2,950,600
95%
Bangladesh Dhaka 11,086,309
95%
Brazil Rio de Janeiro 6,747,820
94%
Belarus Minsk 2,020,600
93%
Brazil São Paulo 12,214,440
93%
Bulgaria Sofia 1,242,568
91%
Bolivia La Paz 758,845
90%
Belgium Antwerp 963,668
86%
Brazil Belo Horizonte 2,521,560
84%
Brazil Manaus 2,208,330
83%
Burkina Faso Ouagadougou 2,485,600
80%
Bangladesh Chittagong 3,669,170
79%
Brazil Fortaleza 2,686,610
78%
Brazil Recife 1,653,460
78%
Brazil Porto Alegre 1,488,250
77%
Brazil Salvador 2,885,910
77%
Brazil Belém 1,486,810
76%
Belgium Ghent 422,026
74%
Bolivia Santa Cruz 1,442,396
67%
Brazil Curitiba 1,948,630
66%
Belgium Liège 545,812
64%
Burundi Bujumbura 1,092,859
61%
Brazil Natal 890,480
60%
Benin Cotonou 679,012
57%
Belgium Charleroi 357,520
56%
Brazil Campinas 1,192,920
54%
Belarus Gomel 510,300
53%
Brazil Goiânia 1,530,290
52%
Brazil São Luís 1,047,440
50%
Bolivia Cochabamba 632,013
42%
Brazil Florianópolis 489,550
40%
Brazil Santos 433,330
40%
Brazil João Pessoa 814,430
38%
Brazil Vitória 365,860
38%
Brazil Maceió 1,024,680
35%
Belarus Grodno 356,900
34%
Brazil Teresina 818,320
34%
Belarus Vitebsk 364,800
31%
Brazil Campo Grande 893,940
30%
Bangladesh Khulna 1,046,341
30%
Brazil Mogi das Cruzes 415,370
30%
Burkina Faso Bobo-Dioulasso 1,028,000
29%
Belarus Mogilev 357,100
29%
Bolivia El Alto 846,880
26%
Brazil Porto Velho 491,790
24%
Brazil Aracaju 664,910
23%
Brazil Boa Vista 410,040
23%
Brazil Uberlândia 679,710
23%
Brazil Cuiabá 606,590
22%
Brazil Guarulhos 1,392,190
22%
Brazil Macapá 491,020
21%
Brazil Duque de Caxias 921,480
20%
Brazil Rio Branco 379,590
19%
Brazil São Gonçalo 1,090,940
19%
Brazil Londrina 560,410
18%
Brazil São José do Rio Preto 436,770
17%
Brazil São José dos Campos 714,890
17%
Bangladesh Sylhet 526,412
17%
Brazil Joinville 577,430
16%
Bangladesh Rajshahi 763,952
13%
Brazil Campina Grande 392,560
12%
Brazil Campos dos Goytacazes 461,560
12%
Bangladesh Mymensingh 389,918
12%
Brazil Niterói 515,320
12%
Brazil Ribeirão Preto 709,800
12%
Brazil São Bernardo do Campo 830,360
12%
Brazil Caxias do Sul 498,260
11%
Brazil Anápolis 384,910
10%
Brazil Feira de Santana 568,400
10%
Bangladesh Gazipur 1,820,374
10%
Brazil Juiz de Fora 566,770
10%
Bangladesh Narayanganj 1,636,441
10%
Brazil Nova Iguaçu 814,310
10%
Brazil Sorocaba 680,360
10%
Brazil Osasco 699,940
9%
Brazil Jaboatão dos Guararapes 691,490
8%
Brazil Santo André 721,370
8%
Brazil Aparecida de Goiânia 589,550
7%
Bangladesh Comilla 407,901
7%
Brazil Jundiaí 404,810
7%
Brazil Maringá 422,420
7%
Brazil São Vicente 367,660
7%
Brazil Ananindeua 534,230
6%
Brazil Bauru 372,950
6%
Brazil Betim 441,540
6%
Bangladesh Bogra 412,537
6%
Brazil Olinda 385,370
6%
Brazil São João de Meriti 472,910
6%
Brazil Belford Roxo 513,120
5%
Brazil Contagem 666,690
5%
Brazil Diadema 426,760
5%
Brazil Serra 523,610
5%
Brazil Vila Velha 498,890
5%
Brazil Piracicaba 398,510
4%
Brazil Itaquaquecetuba 375,010
3%
Brazil Mauá 477,550
3%
Brazil Carapicuíba 403,180
2%
Brazil Cariacica 371,700
2%
Brazil Montes Carlos 393,510
2%
No matching quizzes found
Score Distribution
Percent of People with Each Score
Percentile by Number Answered
Your Score History
You have not taken this quiz